01078nam a2200253 a 450000100060000000300080000600500170001400800410003103500190007204000270009104100080011808200240012610000400015024501550019026001000034530000350044550400500048060000380053065000560056870000320062494200120065699900170066895201390068556049BD-RjUL20211209080340.0161124s1908 enkh b 001 0 eng  a(BD-RjUL)56173 aDLCcDLCdBD-RjULbeng aeng 223a822.2bSKM 19081 aSkelton, John,d1460?-1529.916684810aMagnificence, a moral play /cJohn Skelton ; edited by Robert Lee Ramsay  aManchester :bManchester University Press ;aBaltimore :bJohns Hopkins University Press,c1908 axvi, 229 p. :bfacsim ;c21 cm aIncludes bibliographical references and index aSkelton, John, 1460?-15299166859 aEnglish dramavEarly modern and Elizabethan91668501 a Ramsay, Robert Lee9166851 2ddccBK c56049d56049 00102ddc40708NFICaRUCLbRUCLcStackd1955-08-08eO.U.P. Daccag32.20l0o822.2 SKM 1908r2016-11-24 00:00:00tC-2w2016-11-24yBK